<?xml version="1.0" encoding="UTF-8"?>
<marc:record xmlns:marc="http://www.loc.gov/MARC21/slim">
   <marc:leader>00000nam a2200000 a 4500</marc:leader>
   <marc:datafield ind1="1" ind2=" " tag="100">
      <marc:subfield code="a">Burseg, Katrin</marc:subfield>
      <marc:subfield code="4">aut</marc:subfield>
      <marc:subfield code="e">Verfasser/-in</marc:subfield>
   </marc:datafield>
   <marc:datafield ind1=" " ind2=" " tag="653">
      <marc:subfield code="a">Sophie Amalie</marc:subfield>
   </marc:datafield>
   <marc:datafield ind1=" " ind2=" " tag="653">
      <marc:subfield code="a">Erzählungen</marc:subfield>
   </marc:datafield>
   <marc:datafield ind1=" " ind2=" " tag="653">
      <marc:subfield code="a">Fiktionale Darstellung</marc:subfield>
   </marc:datafield>
   <marc:datafield ind1=" " ind2=" " tag="653">
      <marc:subfield code="a">Belletristische Darstellung</marc:subfield>
   </marc:datafield>
   <marc:datafield ind1=" " ind2=" " tag="653">
      <marc:subfield code="a">Historische Romane und Erzählungen</marc:subfield>
   </marc:datafield>
   <marc:datafield ind1="0" ind2="0" tag="245">
      <marc:subfield code="a">Das Königsmal</marc:subfield>
   </marc:datafield>
   <marc:datafield ind1="0" ind2="0" tag="245">
      <marc:subfield code="b">historischer Roman</marc:subfield>
   </marc:datafield>
   <marc:datafield ind1="0" ind2="0" tag="245">
      <marc:subfield code="c">Katrin Burseg</marc:subfield>
   </marc:datafield>
   <marc:datafield ind1=" " ind2="1" tag="264">
      <marc:subfield code="a">Köln</marc:subfield>
      <marc:subfield code="b">Fredebold und Fischer</marc:subfield>
      <marc:subfield code="c">2008</marc:subfield>
   </marc:datafield>
   <marc:datafield ind1=" " ind2=" " tag="250">
      <marc:subfield code="a">1. Aufl.</marc:subfield>
   </marc:datafield>
   <marc:datafield ind1="1" ind2=" " tag="520">
      <marc:subfield code="a">Angaben aus der Verlagsmeldung

Das Königsmal / von Katrin Burseg

Drohend ziehen die ersten Auseinandersetzungen zwischen Protestanten und Katholiken als Vorboten des Dreißigjährigen Krieges über Holstein hinweg. Da wird einem neugeborenen Mädchen mit einem C-förmigen Mal auf der Stirn von einer Zigeunerin prophezeit, dass es weite Wege gehen müsse, bis es schließlich sein Glück an der Seite eines älteren Mannes finden würde.

Jahre später begegnet die zu einer schönen jungen Frau herangewachsene Wiebke König Christian IV. von Dänemark. Der ist von ihr bezaubert. Als Hofdame für seine Frau Kerstin Munk nimmt er sie mit sich an den Hof, wo Wiebke ihm nicht nur das Leben rettet, sondern ihm in den Wirren des Krieges auch eine kluge Beraterin ist. Der König verliebt sich leidenschaftlich in sie. Doch als er seine Frau verstößt und Wiebke als illegitime Frau an seine Seite holt, spricht er damit ihr Todesurteil aus. Denn von diesem Tage an hat sie in Kerstin eine unversöhnliche Feindin, die nur noch ein Ziel kennt: Rache.
</marc:subfield>
   </marc:datafield>
   <marc:datafield ind1=" " ind2=" " tag="020">
      <marc:subfield code="a">9783939674061</marc:subfield>
      <marc:subfield code="9">9783939674061</marc:subfield>
   </marc:datafield>
   <marc:datafield ind1=" " ind2=" " tag="020">
      <marc:subfield code="a">3939674060</marc:subfield>
      <marc:subfield code="9">3939674060</marc:subfield>
   </marc:datafield>
   <marc:datafield ind1=" " ind2=" " tag="041">
      <marc:subfield code="a">ger</marc:subfield>
   </marc:datafield>
   <marc:datafield ind1=" " ind2=" " tag="300">
      <marc:subfield code="a">444 S.</marc:subfield>
   </marc:datafield>
</marc:record>
